000 00776nam a2200217Ia 4500
003 GCL
008 140319s9999 xx 000 0 ara d
040 _aGCL /
_cGCL
082 0 4 _a372.3044
_bم س
100 1 _aمصطفى بدران
245 1 0 _aسيكولوجية استخدام الوسائل السمعية والبصرية فى التعليم الابتدائى /
_cمصطفى بدران
700 1 _aميالارية , ج
700 1 _aمصطفى حبيب
300 _a326 ص
490 _aالالف كتاب
_v0
650 0 4 _aالوسائل التعليمية
650 0 4 _aالوسائل السمعية والبصرية
650 0 4 _aالتعليم الابتدائى
650 0 4 _aالتعليم - وسائل سمعية و بصرية
942 _2ddc
_cBK
999 _c45847
_d45847